EMBRACING INFINITE PISSIBILITIES : (Record no. 203962)

MARC details
000 -LEADER
fixed length control field 00811nam a2200241 i 4500
003 - CONTROL NUMBER IDENTIFIER
control field OSt
005 - DATE AND TIME OF LATEST TRANSACTION
control field 20260421153906.0
008 - FIXED-LENGTH DATA ELEMENTS--GENERAL INFORMATION
fixed length control field 260421t20252025nyua grb 000 0 eng d
020 ## - INTERNATIONAL STANDARD BOOK NUMBER
International Standard Book Number 9798888457436
Terms of availability RM 186.90
Qualifying information hardback
040 ## - CATALOGING SOURCE
Original cataloging agency PPAK
Language of cataloging eng
Transcribing agency PPAK
Description conventions rda
082 04 - DEWEY DECIMAL CLASSIFICATION NUMBER
Edition number 23
Classification number 158.1
090 00 - LOCALLY ASSIGNED LC-TYPE CALL NUMBER (OCLC); LOCAL CALL NUMBER (RLIN)
Classification number (OCLC) (R) ; Classification number, CALL (RLIN) (NR) 158.1
Feature heading HAR
Feature heading G
100 1# - MAIN ENTRY--PERSONAL NAME
Personal name Harris, Bernard A.,
Titles and words associated with a name Jr.,
Relator term author.
245 10 - TITLE STATEMENT
Title EMBRACING INFINITE PISSIBILITIES :
Remainder of title LETTING GO OF FEAR TO FIND YOUR HIGHEST POTENTIAL /
Statement of responsibility, etc. DR. BERNARD A. HARRIS JR.
264 #1 - PRODUCTION, PUBLICATION, DISTRIBUTION, MANUFACTURE, AND COPYRIGHT NOTICE
Place of production, publication, distribution, manufacture New York :
Name of producer, publisher, distributor, manufacturer Savio Republic,
Date of production, publication, distribution, manufacture, or copyright notice [2025]
Date of production, publication, distribution, manufacture, or copyright notice ©2025
300 ## - PHYSICAL DESCRIPTION
Extent x, 163 pages :
Other physical details illustrations ;
Dimensions 22 cm
336 ## - CONTENT TYPE
Content type term text
Source rdacontent
337 ## - MEDIA TYPE
Media type term unmediated
Source rdamedia
338 ## - CARRIER TYPE
Carrier type term volume
Source rdacarrier
650 10 - SUBJECT ADDED ENTRY--TOPICAL TERM
Topical term or geographic name entry element Self-actualization (Psychology)
942 ## - ADDED ENTRY ELEMENTS (KOHA)
Source of classification or shelving scheme Dewey Decimal Classification
Koha item type Book
Holdings
Withdrawn Not for loan Current library Shelving location Date acquired Total Checkouts Full call number Barcode Date last seen Koha item type
    Perpustakaan Alor Setar Pinjaman Dewasa 27/04/2026   158.1 HAR A01915184 27/04/2026 Book
    Perpustakaan Awam Sungai Petani Pinjaman Dewasa 27/04/2026   158.1 HAR A01915185 27/04/2026 Book